000 00523nam a2200157 4500
001 108735
003 ES-MaACL
005 20250716063254.0
007 t|
008 061121s1903 sp r ||||1| spa d
100 1 _aMontaldo y Peró, Federico,
_d1859-1912
_982342
245 1 0 _aInstrucción general de sanidad pública
_b: comentarios a la misma /
_cFederico Montaldo y Peró.
260 _aMadrid :
_b[s.n],
_c1903 (
_fImp. del Ministerio de Marina)
852 _aES-MaACL
_jT-1045-F-1
999 _c108735
_d108735